| 000 | 00927nam a22002297a 4500 | ||
|---|---|---|---|
| 003 | OSt | ||
| 005 | 20250905102950.0 | ||
| 008 | 230914b ||||| |||| 00| 0 eng d | ||
| 040 | _c0 | ||
| 082 | _aDPer 570 J826 February-November 2020 v. 54 n. 1-5. | ||
| 100 |
_aKwon, Seung-Hyuk. _eauthor. _948910 |
||
| 245 |
_aAn active learning approach to investigate the ecosystem of tide flats using 3D modeling and printing / _cSeung-Hyuk Kwon, Yeong-Ji Lee, and Yong-Ju Kwon. |
||
| 260 |
_aUnited Kingdom ; _bTaylor & Francis Group , _cFebruary 2020. |
||
| 300 |
_aVolume 54, pages 88-97 : _billustration ; _c25 cm. |
||
| 500 | _aJournal of Biological Education, vol. 54, no. 1, pages 88-97, February 2020. | ||
| 650 |
_aEcology. _948911 |
||
| 650 |
_aPrinting. _915586 |
||
| 700 |
_aKwon, Seung-Hyuk. _eauthor. _948910 |
||
| 700 |
_aLee, Yeong-Ji. _eauthor. _948912 |
||
| 700 |
_aKwon, Yong-Ju. _eauthor. _948913 |
||
| 942 |
_2ddc _cPER |
||
| 999 |
_c18174 _d18174 |
||